| 000 | 00999cam a2200289 i 4500 | ||
|---|---|---|---|
| 001 | 2936 | ||
| 003 | Mx-PuUPA | ||
| 005 | 20230905074219.0 | ||
| 008 | 140415s1984 mx a gr 000 0 spa d | ||
| 020 |
_a9682900379 _qrústica _qvolumen II |
||
| 020 |
_a9688008885 _qobra completa |
||
| 040 |
_aMx-PuUPA _bspa _cMx-PuUPA _dMx-PuUPA _erda |
||
| 041 | 0 | _aspa | |
| 245 | 0 | 0 |
_aTiempo de México. _nSegunda época. _pDe junio de 1911 a noviembre de 1964 |
| 250 | _aPrimera edición | ||
| 264 | 1 |
_aMéxico, D.F. : _bSecretaría de Educación Publica, _c1984 |
|
| 300 |
_a108 páginas sin numerar : _bilustraciones ; _c28 cm |
||
| 336 |
_2rdacontent _atexto _btxt |
||
| 336 |
_2rdacontent _aimagen fija _bsti |
||
| 337 |
_2rdamedia _asin medio _bn |
||
| 338 |
_2rdacarrier _avolumen _bnc |
||
| 650 | 7 |
_aPolítica _xMéxico _2armarc |
|
| 942 |
_2ddc _cLI _h327.0972 _iT55 |
||
| 999 |
_c2936 _d2936 |
||